000 01183cad a22002655a 4500
001 L153514
008 110803s2011 xxk f 000 0 eng d
035 _a(Sirsi) u153514
041 0 _aeng
100 1 _aClinton, Mark
245 0 0 _aConstruction law
_bget ready for the new Construction Act
_h[electronic resource]
260 _a[S.l.]
_bThomas Eggar LLP
_c2011
520 _aOutlines the new Construction Act which comes into force in England on 1 October 2011.
590 _aKA
650 2 4 _aLOCAL DEMOCRACY, ECONOMIC DEVELOPMENT AND CONSTRUCTION ACT 2009
650 2 4 _aHOUSING GRANTS, CONSTRUCTION AND REGENERATION ACT 1996
651 4 _aEngland
_y886-
690 _aBUILT ENVIRONMENT-CONSTRUCTION MANAGEMENT-BUILDING CONTRACT ADMINISTRATION
690 _aProcurement
_96260
690 _aHOUSING GRANTS, CONSTRUCTION AND REGENERATION ACT 1996
700 1 _aEvans, Rebecca
710 1 _aThomas Eggar LLP
856 4 0 _uhttps://www.mondaq.com/404.asp?404;http://www.mondaq.com:80/x/140194/Building+Construction/Construction+Law+Get+Ready+For+The+New+Construction+Act&email_access=on&login=true
_zView this item via free registration at www.mondaq.com
942 _n0
999 _c112563
_d112563